[Event "Open A"]
[Site "Panevezys"]
[Date "2008.08.16"]
[Round "7.4"]
[White "Labuckas, Aidas"]
[Black "Savickas, Airidas"]
[Result "1-0"]
[WhiteElo "2288"]
[BlackElo "2351"]
[PlyCount "157"]
[EventDate "2008.08.12"]

1. d4 Nf6 2. g3 g6 3. Bg2 Bg7 4. e4 d6 5. Nc3 c6 6. Nge2 O-O 7. O-O e5 8. h3 b5
9. dxe5 dxe5 10. Qxd8 Rxd8 11. Be3 Bb7 12. Rfd1 Nbd7 13. a3 Bf8 14. f3 Nb6 15.
Rxd8 Rxd8 16. Rd1 Ra8 17. Bxb6 axb6 18. f4 Bc5+ 19. Kh2 Bc8 20. Rd8+ Kg7 21.
fxe5 Nd7 22. b4 Bf8 23. e6 fxe6 24. e5 Nxe5 25. Nxb5 Be7 26. Re8 Kf7 27. Nc7
Rb8 28. Nd4 Bd6 29. Ndxe6 Nc4 30. Nd8+ Kf6 31. Nxc6 Bxc7 32. Nxb8 Nd6 33. Rf8+
Ke7 34. Rxc8 Nxc8 35. Nc6+ Ke6 36. c4 Ne7 37. Nd4+ Kd7 38. Be4 Be5 39. Nb3 Bb2
40. a4 Bc3 41. c5 bxc5 42. Nxc5+ Kc7 43. Nd3 Nc6 44. Bxc6 Kxc6 45. Kg2 Kd5 46.
Kf3 Kd4 47. Ke2 h6 48. a5 Kd5 49. Kd1 Bd4 50. Kc2 Kc4 51. a6 Bb6 52. Ne5+ Kb5
53. Nxg6 Kxa6 54. g4 Kb5 55. Kb3 Bf2 56. Ne7 Be1 57. Nd5 Bf2 58. Nc3+ Kc6 59.
Kc4 Bg1 60. Nd5 Kd6 61. Nf4 Ke5 62. Ne2 Bf2 63. Kd3 Ba7 64. b5 Bf2 65. Nc3 Kf4
66. Ke2 Bd4 67. Nd5+ Kg3 68. b6 Kxh3 69. b7 Be5 70. Kf3 Bb8 71. Nb4 Kh4 72. Na6
Bh2 73. Ke4 Kxg4 74. Kd5 h5 75. Kc6 h4 76. Nc7 Bxc7 77. Kxc7 h3 78. b8=Q Kg3
79. Qb7 1-0

[Event "Open A"]
[Site "Panevezys"]
[Date "2008.08.16"]
[Round "7.5"]
[White "Garnelis, Julius"]
[Black "Lasinskas, Povilas"]
[Result "1-0"]
[WhiteElo "2166"]
[BlackElo "2269"]
[PlyCount "49"]
[EventDate "2008.08.12"]

1. e4 c5 2. Nf3 a6 3. d4 cxd4 4. Nxd4 e5 5. Nb3 Nf6 6. Bd3 d5 7. exd5 Nxd5 8.
O-O Nc6 9. Re1 Be6 10. N1d2 Be7 11. Nf3 Qc7 12. Qe2 O-O-O 13. Nxe5 Nxe5 14.
Qxe5 Bd6 15. Qh5 Nf6 16. Qh4 h6 17. Nd4 Bd7 18. Nf5 Be5 19. Ne7+ Kb8 20. Rxe5
g5 21. Qg3 Nh5 22. Qe3 Rhe8 23. Bd2 Nf6 24. Ba5 Qd6 25. Qc5 1-0

[Event "Open A"]
[Site "Panevezys"]
[Date "2008.08.16"]
[Round "7.6"]
[White "Grigaliunas, Sigitas"]
[Black "Rogule, Laura"]
[Result "0-1"]
[WhiteElo "2113"]
[BlackElo "2265"]
[PlyCount "40"]
[EventDate "2008.08.12"]

1. e4 c5 2. Nf3 d6 3. d4 cxd4 4. Nxd4 Nf6 5. Nc3 Nc6 6. Bg5 e6 7. Qd2 a6 8.
O-O-O Bd7 9. f4 Be7 10. Be2 O-O 11. g4 Rc8 12. Bf3 Qc7 13. Rhe1 Na5 14. Be2 b5
15. Bxf6 Bxf6 16. g5 Bd8 17. Nb3 b4 18. Nb1 Ba4 19. Qd3 Bxb3 20. axb3 Qxc2+ 0-1

[Event "Open A"]
[Site "Panevezys"]
[Date "2008.08.16"]
[Round "7.7"]
[White "Godlauskas, Kazys"]
[Black "Zebelis, Rimantas"]
[Result "1-0"]
[WhiteElo "2262"]
[BlackElo "1994"]
[PlyCount "75"]
[EventDate "2008.08.12"]

1. e4 d6 2. d4 Nf6 3. Nc3 g6 4. Nf3 c6 5. a4 a5 6. Be2 Bg4 7. O-O Bg7 8. h3
Bxf3 9. Bxf3 Qc7 10. Be3 O-O 11. Qd2 e6 12. Rfe1 Nfd7 13. Rad1 Nb6 14. b3 d5
15. Bf4 Qd8 16. exd5 cxd5 17. Nb5 Na6 18. Qxa5 Rc8 19. Nd6 Rc6 20. c4 Qd7 21.
c5 Nc8 22. Nxc8 Rcxc8 23. Qd2 Nb8 24. Be2 h5 25. Bb5 Nc6 26. b4 Rfe8 27. Rb1 f6
28. Bd6 Qf7 29. Bxc6 bxc6 30. b5 g5 31. b6 Qb7 32. Qe2 h4 33. Qg4 Kf7 34. Rb3
Ra8 35. Rbe3 Qd7 36. Rxe6 Bf8 37. Qh5+ Kg7 38. Rxe8 1-0

[Event "Open A"]
[Site "Panevezys"]
[Date "2008.08.16"]
[Round "7.8"]
[White "Kalvaitis, Sigitas"]
[Black "Klimciauskas, Domantas"]
[Result "1/2-1/2"]
[WhiteElo "2256"]
[BlackElo "2222"]
[PlyCount "41"]
[EventDate "2008.08.12"]

1. e4 c6 2. d4 d5 3. Nc3 dxe4 4. Nxe4 Bf5 5. Ng3 Bg6 6. h4 h6 7. Nf3 Nf6 8. Ne5
Bh7 9. Bc4 e6 10. Qe2 Nd5 11. Qh5 Qe7 12. Bd2 Nd7 13. Nxd7 Qxd7 14. O-O-O Bd6
15. Qf3 Qc7 16. Nh5 O-O-O 17. Nxg7 Rdg8 18. Nh5 Bf5 19. Be2 Bg4 20. Qd3 Bf5 21.
Qf3 1/2-1/2

[Event "Open A"]
[Site "Panevezys"]
[Date "2008.08.16"]
[Round "7.9"]
[White "Limontas, Martynas"]
[Black "Silkus, Algirdas"]
[Result "1-0"]
[WhiteElo "2275"]
[BlackElo "1897"]
[PlyCount "63"]
[EventDate "2008.08.12"]

1. d4 Nf6 2. c4 c5 3. d5 b5 4. cxb5 a6 5. b6 d6 6. Nc3 Nbd7 7. e4 Nxb6 8. f4 g6
9. a4 a5 10. Nf3 Bg7 11. Bb5+ Bd7 12. e5 dxe5 13. fxe5 Ng4 14. Bf4 O-O 15. Qd2
Bxb5 16. axb5 Qc7 17. e6 Qb7 18. h3 Bxc3 19. bxc3 Nf6 20. exf7+ Rxf7 21. Ne5
Ne4 22. Qc1 Rf5 23. Ng4 Rxd5 24. O-O Nc4 25. Qe1 Nf6 26. Qe6+ Kh8 27. Nxf6 exf6
28. Bh6 f5 29. Rae1 Nd6 30. Qf6+ Kg8 31. Re7 Ne8 32. Qf8# 1-0

[Event "Open A"]
[Site "Panevezys"]
[Date "2008.08.16"]
[Round "7.10"]
[White "Narmontas, Tauras"]
[Black "Balcaite, Agne"]
[Result "1-0"]
[WhiteElo "2256"]
[BlackElo "1830"]
[PlyCount "61"]
[EventDate "2008.08.12"]

1. e4 c5 2. Nf3 Nc6 3. d4 cxd4 4. Nxd4 Nf6 5. Nc3 e5 6. Ndb5 d6 7. Bg5 a6 8.
Na3 b5 9. Nd5 Be7 10. Bxf6 Bxf6 11. c3 Bg5 12. Nc2 O-O 13. a4 bxa4 14. Rxa4 Ne7
15. Bc4 Kh8 16. O-O f5 17. exf5 Rxf5 18. Ncb4 a5 19. Nxe7 Qxe7 20. Nd5 Qb7 21.
b4 axb4 22. Rxb4 Qc6 23. Nb6 Rb8 24. Bd5 Qc5 25. Nd7 Bxd7 26. Rxb8+ Bc8 27. Be6
Rf8 28. Rxc8 Rxc8 29. Bxc8 Qxc8 30. Qxd6 Bf6 31. Rb1 1-0

[Event "Open A"]
[Site "Panevezys"]
[Date "2008.08.16"]
[Round "7.11"]
[White "Laurusaite, Brigita"]
[Black "Narmontas, Raimondas"]
[Result "1/2-1/2"]
[WhiteElo "2039"]
[BlackElo "2148"]
[PlyCount "111"]
[EventDate "2008.08.12"]

1. e4 c6 2. d4 d5 3. Nd2 dxe4 4. Nxe4 Nf6 5. Nxf6+ gxf6 6. c3 Bf5 7. Nf3 Nd7 8.
g3 Nb6 9. Bg2 Qd7 10. O-O Bh3 11. Nh4 O-O-O 12. Qh5 Bxg2 13. Nxg2 Qd5 14. Qxd5
Nxd5 15. Re1 e6 16. Nf4 Bd6 17. Nxd5 cxd5 18. a4 Kd7 19. Kg2 Rc8 20. Bd2 Rc6
21. Kf3 Rb6 22. b4 Rc6 23. Ke3 Rc4 24. f4 f5 25. a5 a6 26. Kd3 h5 27. h4 Rg8
28. Rg1 Rg4 29. Rae1 Be7 30. Ke2 Rc8 31. Kf3 Rcg8 32. Be3 Kc6 33. Bf2 Kb5 34.
Rc1 Rc8 35. Ke3 Rc4 36. Kd3 Bd6 37. Rc2 Rg8 38. Rb1 Rgc8 39. Be1 f6 40. Re2 Re8
41. Rf2 Rc7 42. Rbb2 Rg7 43. Rf3 e5 44. fxe5 fxe5 45. dxe5 Rxe5 46. Bd2 Re4 47.
Bg5 Rf7 48. Rbf2 Rg4 49. Rxf5 Rxg3+ 50. Kd4 Rxf5 51. Rxf5 Kc6 52. Rf6 Rg4+ 53.
Kd3 Kd7 54. Rf7+ Kc6 55. Rf6 Kd7 56. Rf7+ 1/2-1/2

[Event "Open A"]
[Site "Panevezys"]
[Date "2008.08.16"]
[Round "7.13"]
[White "Zilinskas, Vaidas"]
[Black "Kuvsinov, Anatolij"]
[Result "1-0"]
[WhiteElo "2147"]
[BlackElo "1984"]
[PlyCount "85"]
[EventDate "2008.08.12"]

1. e4 e5 2. Nf3 Nc6 3. Bc4 Be7 4. d4 d6 5. d5 Nb8 6. Bd3 c5 7. a4 Nf6 8. c3 O-O
9. h3 h6 10. b4 Nbd7 11. Be3 a5 12. bxc5 dxc5 13. Na3 Ne8 14. Nc4 Qc7 15. Rb1
Bf6 16. Qb3 Nd6 17. Nfd2 Be7 18. O-O g5 19. h4 f6 20. Be2 Kg7 21. Bg4 Rb8 22.
Qd1 Rd8 23. Nxd6 Bxd6 24. Nc4 b6 25. Na3 Nf8 26. g3 Bxg4 27. Qxg4 Qd7 28. Qxd7+
Nxd7 29. Nc4 Bf8 30. Rb2 Kg6 31. Rfb1 h5 32. Nxb6 Nxb6 33. Rxb6 Rxb6 34. Rxb6
gxh4 35. gxh4 c4 36. Kf1 Rd6 37. Rxd6 Bxd6 38. Bb6 f5 39. f3 fxe4 40. fxe4 Kf7
41. Kg2 Bb4 42. cxb4 axb4 43. Ba5 1-0

[Event "Open A"]
[Site "Panevezys"]
[Date "2008.08.16"]
[Round "7.14"]
[White "Lomonosovas, Vitalijus"]
[Black "Barsciauskas, Gintautas"]
[Result "1-0"]
[WhiteElo "2123"]
[BlackElo "1920"]
[PlyCount "79"]
[EventDate "2008.08.12"]

1. e4 d6 2. d4 Nd7 3. f4 e5 4. Nf3 Ngf6 5. Nc3 c6 6. dxe5 dxe5 7. fxe5 Ng4 8.
e6 fxe6 9. Ng5 Nde5 10. Qxd8+ Kxd8 11. h3 Nf6 12. Bf4 Ng6 13. O-O-O+ Ke8 14.
Bc7 Bd7 15. Bc4 Rc8 16. Bg3 Bb4 17. Rhe1 Ke7 18. a3 Bxc3 19. Bd6+ Ke8 20. bxc3
Nf8 21. Bxf8 Rxf8 22. Nxe6 Bxe6 23. Bxe6 Rd8 24. Rxd8+ Kxd8 25. e5 Nh5 26. Rd1+
Ke8 27. Bd7+ Kf7 28. Bg4 Kg6 29. Rd7 Ng3 30. Rxb7 Rf1+ 31. Kb2 Re1 32. Rxa7
Rxe5 33. Ra6 Rb5+ 34. Kc1 Rc5 35. Bf3 Kg5 36. Rxc6 Ra5 37. Kb2 h5 38. Rc4 Nf1
39. Rb4 Nd2 40. Be2 1-0

[Event "Open A"]
[Site "Panevezys"]
[Date "2008.08.16"]
[Round "7.15"]
[White "Kubilius, Jonas"]
[Black "Batkovskyte, Dominyka"]
[Result "0-1"]
[WhiteElo "2085"]
[BlackElo "1934"]
[PlyCount "120"]
[EventDate "2008.08.12"]

1. e4 e6 2. d4 d5 3. e5 c5 4. c3 Qb6 5. f4 Nc6 6. Nf3 Bd7 7. Be2 Nh6 8. dxc5
Bxc5 9. Bd3 Bf2+ 10. Kf1 Ng4 11. Qe2 Be3 12. Na3 Bxc1 13. Rxc1 Ne3+ 14. Ke1
Nxg2+ 15. Qxg2 Qe3+ 16. Kd1 Qxd3+ 17. Nd2 Ne7 18. Qg3 Qxg3 19. hxg3 Nf5 20. Rg1
h5 21. Nf3 Rc8 22. Kd2 a6 23. Nc2 Ke7 24. Ncd4 Nh6 25. Nh4 Ng4 26. Rg2 Rhg8 27.
Nhf3 f6 28. Re1 Kf7 29. Rge2 Rce8 30. Rh1 Rh8 31. Rhe1 Rh6 32. f5 fxe5 33.
fxe6+ Bxe6 34. Ng5+ Kf6 35. Ndxe6 Rxe6 36. Nxe6 Kxe6 37. Kd3 Rf6 38. Rg2 Rf3+
39. Ke2 e4 40. Rh1 g6 41. Rc1 b6 42. Rh1 Kd6 43. Rc1 Kc5 44. Rb1 Kd6 45. Rc1
Ke5 46. Rb1 Re3+ 47. Kd2 Rd3+ 48. Ke2 Re3+ 49. Kd2 Rf3 50. Ke2 b5 51. Rc1 Ne3
52. Rgg1 Nf5 53. g4 Ng3+ 54. Ke1 h4 55. Rc2 g5 56. Rd2 e3 57. Rd3 h3 58. Rxg3
Rxg3 59. Ke2 h2 60. Rd1 Rg1 0-1

[Event "Open A"]
[Site "Panevezys"]
[Date "2008.08.16"]
[Round "7.16"]
[White "Vaitonis, Vytautas"]
[Black "Tiuninas, Algirdas"]
[Result "1/2-1/2"]
[WhiteElo "2078"]
[BlackElo "1968"]
[PlyCount "30"]
[EventDate "2008.08.12"]

1. d4 Nf6 2. c4 c5 3. Nf3 cxd4 4. Nxd4 e5 5. Nc2 d5 6. cxd5 Qxd5 7. Qxd5 Nxd5
8. e4 Nb4 9. Bb5+ Bd7 10. Bxd7+ Nxd7 11. Nxb4 Bxb4+ 12. Bd2 Nc5 13. Bxb4 Nd3+
14. Ke2 Nxb4 15. Nc3 Ke7 1/2-1/2

[Event "Open A"]
[Site "Panevezys"]
[Date "2008.08.16"]
[Round "7.17"]
[White "Apanaviciute, Kristina"]
[Black "Milasevicius, Jonas"]
[Result "1/2-1/2"]
[WhiteElo "1964"]
[BlackElo "2019"]
[PlyCount "135"]
[EventDate "2008.08.12"]

1. e4 d5 2. exd5 Qxd5 3. Nc3 Qa5 4. Bc4 Nf6 5. Nf3 Bg4 6. h3 Bxf3 7. Qxf3 c6 8.
O-O e6 9. d4 Nbd7 10. Be3 Be7 11. a3 O-O 12. b4 Qc7 13. Bd3 Nd5 14. Ne4 N7f6
15. Ng5 e5 16. Qf5 Nxe3 17. fxe3 g6 18. Qf2 h6 19. dxe5 Qxe5 20. Nf3 Qc7 21.
Qh4 Kg7 22. Nd4 Qe5 23. Rae1 Nd5 24. Qg4 Bg5 25. Nf3 Bxe3+ 26. Kh1 Qf4 27. c4
Nf6 28. Qxf4 Bxf4 29. Re7 Rad8 30. Bc2 Rd7 31. Rfe1 Rfd8 32. Kg1 Kf8 33. R7e2
Re8 34. Rxe8+ Nxe8 35. Kf2 Ng7 36. g3 Bc7 37. g4 Ne6 38. h4 Nf4 39. Rd1 Re7 40.
Rd2 Bb6+ 41. c5 Bc7 42. Bb3 a5 43. Bc2 axb4 44. axb4 Nd5 45. b5 Bf4 46. Rd1
Be3+ 47. Kg3 Bxc5 48. bxc6 bxc6 49. Ba4 Nb4 50. Nd4 Bxd4 51. Rxd4 c5 52. Rd8+
Kg7 53. Rc8 Re5 54. Rc7 Na6 55. Ra7 Re6 56. Bb5 Nb4 57. Rc7 Re3+ 58. Kg2 Re5
59. Kf3 g5 60. h5 Kf6 61. Bc4 Nd5 62. Rxc5 Nf4 63. Rxe5 Kxe5 64. Bxf7 Kd4 65.
Bg6 Nd3 66. Bf5 Ne5+ 67. Ke2 Nc4 68. Bg6 1/2-1/2

[Event "Open A"]
[Site "Panevezys"]
[Date "2008.08.16"]
[Round "7.19"]
[White "Novikovas, Anatolijus"]
[Black "Rumiancev, Boris"]
[Result "1/2-1/2"]
[WhiteElo "1900"]
[BlackElo "2153"]
[PlyCount "94"]
[EventDate "2008.08.12"]

1. e4 e6 2. d4 d5 3. Nd2 Nf6 4. e5 Nfd7 5. Bd3 c5 6. c3 Nc6 7. Ne2 Qb6 8. Nf3
cxd4 9. cxd4 Bb4+ 10. Bd2 Bxd2+ 11. Qxd2 Qb4 12. a3 Qxd2+ 13. Nxd2 O-O 14. O-O
Nb6 15. b4 Bd7 16. Rac1 Rfc8 17. Nb3 Nd8 18. Nc5 Be8 19. Rc3 Na4 20. Nxa4 Bxa4
21. Rfc1 Rxc3 22. Rxc3 Nc6 23. f4 g6 24. Kf2 a6 25. Ke3 Kf8 26. Rc5 Ke7 27. g4
f5 28. exf6+ Kxf6 29. h4 Bd1 30. g5+ Kf7 31. Ng3 Rc8 32. Rc1 Bg4 33. Nf1 Ne7
34. Rxc8 Nxc8 35. Nd2 Nd6 36. Nb3 Ke7 37. Nc5 Kd8 38. h5 Bxh5 39. Nxe6+ Ke7 40.
Nc7 Nc4+ 41. Bxc4 dxc4 42. Nd5+ Kf7 43. a4 Bd1 44. a5 Ke6 45. Nc3 Bc2 46. Kd2
Bd3 47. Na4 Be4 1/2-1/2

[Event "Open A"]
[Site "Panevezys"]
[Date "2008.08.16"]
[Round "7.20"]
[White "Petraitis, Gintautas"]
[Black "Petuchovas, Robertas"]
[Result "1/2-1/2"]
[WhiteElo "2071"]
[BlackElo "1981"]
[PlyCount "126"]
[EventDate "2008.08.12"]

1. e4 e5 2. Nf3 Nf6 3. Nxe5 d6 4. Nf3 Nxe4 5. Nc3 Nxc3 6. dxc3 Nc6 7. Bf4 Be7
8. Qd2 Bg4 9. O-O-O Qd7 10. Be2 O-O-O 11. h3 Bh5 12. g4 Bg6 13. Bb5 Be4 14. Qe3
Bxf3 15. Qxf3 a6 16. Bxc6 Qxc6 17. Qxc6 bxc6 18. Rhe1 Rhe8 19. Re2 Bg5 20. Bxg5
Rxe2 21. Bxd8 Kxd8 22. Rf1 Kd7 23. Kd1 Re5 24. Kd2 Rd5+ 25. Ke3 Re5+ 26. Kf3 c5
27. Rd1 Re8 28. c4 Rb8 29. b3 Re8 30. Rd3 Re1 31. Re3 Ra1 32. a4 Rd1 33. Re2
Rc1 34. h4 Rh1 35. h5 f5 36. gxf5 Rxh5 37. Kg4 Rh6 38. f3 Rf6 39. Rh2 h6 40.
Re2 Kd8 41. a5 c6 42. c3 Kd7 43. b4 cxb4 44. cxb4 g6 45. fxg6 Rxg6+ 46. Kf5 Rg8
47. Rh2 Rf8+ 48. Ke4 Re8+ 49. Kd4 Rf8 50. Rxh6 Rxf3 51. Rh7+ Kc8 52. Ra7 Rf1
53. Rxa6 Kb7 54. Rb6+ Kc7 55. Ra6 Rd1+ 56. Kc3 Rc1+ 57. Kd3 Rb1 58. Rb6 Ra1 59.
Kc3 c5 60. Kb2 Ra4 61. Kb3 Ra1 62. Rb5 Kc6 63. bxc5 dxc5 1/2-1/2

[Event "Open A"]
[Site "Panevezys"]
[Date "2008.08.16"]
[Round "7.21"]
[White "Rudys, Arunas"]
[Black "Bernotas, Arturs"]
[Result "1-0"]
[WhiteElo "2065"]
[BlackElo "1911"]
[PlyCount "83"]
[EventDate "2008.08.12"]

1. d4 d5 2. Nf3 Nf6 3. g3 c6 4. Bg2 Bf5 5. c4 e6 6. b3 h6 7. O-O Bd6 8. Bb2 O-O
9. Nbd2 Nbd7 10. Ne5 Qc7 11. Nxd7 Nxd7 12. e4 dxe4 13. Nxe4 Be7 14. Qe2 Nf6 15.
Nd2 Rfd8 16. Rfe1 Nd7 17. c5 Nf6 18. Nc4 Bh7 19. a3 Nd5 20. b4 Bf6 21. Rad1 b5
22. cxb6 axb6 23. Rc1 Qb7 24. Ne3 Rdc8 25. Ng4 Be7 26. h4 Bf5 27. Ne3 Bh7 28.
b5 Qa7 29. bxc6 Nc7 30. d5 Qa6 31. Qg4 f6 32. dxe6 Qa4 33. Rc4 Qb3 34. Bc1 b5
35. Rd4 Qc3 36. Red1 Kf8 37. Rd7 Qc5 38. Rxe7 Qxe7 39. Rd7 h5 40. Qxh5 Qxe6 41.
Qxh7 Ne8 42. Bd5 1-0

[Event "Open A"]
[Site "Panevezys"]
[Date "2008.08.16"]
[Round "7.22"]
[White "Janusaitis, Mindaugas"]
[Black "Kviliunas, Vladislovas"]
[Result "0-1"]
[WhiteElo "1939"]
[BlackElo "1877"]
[PlyCount "104"]
[EventDate "2008.08.12"]

1. e4 c6 2. d4 d5 3. e5 Bf5 4. c3 e6 5. Nf3 Qb6 6. Qb3 Nd7 7. Be3 Ne7 8. Nbd2
h6 9. Be2 Bh7 10. h4 Nf5 11. g4 Nxe3 12. fxe3 c5 13. c4 dxc4 14. Bxc4 Rc8 15.
d5 Qxb3 16. axb3 Nb6 17. Bb5+ Kd8 18. Rxa7 Nxd5 19. Rxb7 Rc7 20. Rb8+ Rc8 21.
Rxc8+ Kxc8 22. Kf2 Be7 23. Ra1 Kb7 24. Nc4 Rd8 25. Ra6 Nc7 26. Na5+ Kc8 27. Ra7
Bxh4+ 28. Nxh4 Nxb5 29. Ra8+ Kc7 30. Rxd8 Kxd8 31. Nb7+ Kc7 32. Nxc5 Kc6 33.
Na4 Bc2 34. Nf3 Bxb3 35. Nc3 Nxc3 36. bxc3 Bd1 37. Nh2 Kd5 38. Ke1 Bc2 39. Kd2
Be4 40. Nf1 Kxe5 41. c4 Bg2 42. Ng3 Bf3 43. Kc3 Kd6 44. Kb4 g6 45. Kb5 Kc7 46.
Kc5 Bxg4 47. Kd4 h5 48. Ke5 h4 49. Nh1 Bf3 50. Nf2 g5 51. e4 Kc6 52. Nh3 g4 0-1

[Event "Open A"]
[Site "Panevezys"]
[Date "2008.08.16"]
[Round "7.25"]
[White "Kasela, Sten"]
[Black "Januseviciute, Donata"]
[Result "1-0"]
[WhiteElo "1979"]
[BlackElo "1856"]
[PlyCount "59"]
[EventDate "2008.08.12"]

1. Nf3 d5 2. b4 e6 3. a3 c5 4. bxc5 Bxc5 5. e3 Nc6 6. d4 Bd6 7. c4 dxc4 8. Bxc4
Nf6 9. O-O O-O 10. Bb2 a6 11. Bd3 Bd7 12. Nc3 Rc8 13. e4 Bb8 14. e5 Nd5 15.
Nxd5 exd5 16. Bb1 Ne7 17. Nh4 Ng6 18. Nxg6 hxg6 19. Qb3 Bc6 20. f4 Ba7 21. f5
Qh4 22. Qe3 gxf5 23. Bxf5 Rcd8 24. Rf3 Qh6 25. Qf2 Bd7 26. Rh3 Qg5 27. Bh7+ Kh8
28. Bc1 Qxe5 29. Bf5+ Kg8 30. Rh8+ 1-0

[Event "Open A"]
[Site "Panevezys"]
[Date "2008.08.16"]
[Round "7.26"]
[White "Voroblievas, Arturas"]
[Black "Narva, Triin"]
[Result "0-1"]
[WhiteElo "1962"]
[BlackElo "1835"]
[PlyCount "88"]
[EventDate "2008.08.12"]

1. e4 c5 2. Nf3 d6 3. d4 cxd4 4. Nxd4 Nf6 5. Nc3 g6 6. f4 Bg7 7. e5 dxe5 8.
fxe5 Ng8 9. Bb5+ Bd7 10. e6 Bxb5 11. exf7+ Kxf7 12. Qf3+ Nf6 13. Ndxb5 Nc6 14.
O-O Rf8 15. Rd1 Qc8 16. Rf1 Kg8 17. Bg5 a6 18. Na3 Kh8 19. Rad1 Ng4 20. Qe4
Rxf1+ 21. Rxf1 Bd4+ 22. Kh1 Nf2+ 23. Rxf2 Bxf2 24. Qe2 Bd4 25. g4 Qf8 26. Nd1
Qg7 27. Nc4 Qf7 28. Nde3 Rf8 29. Bh4 Qf3+ 30. Qxf3 Rxf3 31. Nd5 Rf1+ 32. Kg2
Rg1+ 33. Kf3 b5 34. Nce3 Bxb2 35. c3 Rc1 36. Ke2 Bxc3 37. Nxc3 Rxc3 38. Nd5 Rc4
39. Kf3 Ne5+ 40. Ke2 Rxg4 41. Bxe7 Nd7 42. Ba3 Rg2+ 43. Kf3 Rxa2 44. Bb4 Kg8
0-1

[Event "Open A"]
[Site "Panevezys"]
[Date "2008.08.16"]
[Round "7.28"]
[White "Bazevicius, Albertas"]
[Black "Pomaro, Stefano"]
[Result "1-0"]
[WhiteElo "1898"]
[BlackElo "1882"]
[PlyCount "97"]
[EventDate "2008.08.12"]

1. d4 Nc6 2. d5 Ne5 3. e4 e6 4. f4 Ng6 5. c4 Bc5 6. Nc3 Bxg1 7. Rxg1 Qh4+ 8. g3
Qxh2 9. Rg2 Qh3 10. Be3 Nh6 11. Rg1 Qh2 12. Be2 f5 13. e5 O-O 14. Bc5 d6 15.
exd6 cxd6 16. Be3 e5 17. Qd2 exf4 18. gxf4 Nxf4 19. O-O-O Nxe2+ 20. Nxe2 Ng4
21. Bf4 Qf2 22. Bxd6 Re8 23. Rde1 Bd7 24. Kb1 Re4 25. Rgf1 Qe3 26. Qc2 Rc8 27.
c5 Bb5 28. Nc1 Qd4 29. Rxe4 Qxe4 30. Qxe4 fxe4 31. Rg1 Nf6 32. Be5 Kf7 33. b4
g6 34. d6 Ke6 35. Bd4 Nd5 36. a3 Rf8 37. Re1 Rf4 38. Kb2 Kf5 39. Ne2 Rf3 40.
Bg1 Rd3 41. Nd4+ Rxd4 42. Bxd4 g5 43. Kb3 Nf4 44. a4 Bd7 45. b5 Be6+ 46. Ka3
Bd7 47. Rc1 Nd3 48. c6 bxc6 49. bxc6 1-0

[Event "Open A"]
[Site "Panevezys"]
[Date "2008.08.17"]
[Round "8.1"]
[White "Labuckas, Aidas"]
[Black "Solodovnichenko, Yuri"]
[Result "1/2-1/2"]
[WhiteElo "2288"]
[BlackElo "2541"]
[PlyCount "99"]
[EventDate "2008.08.12"]

1. d4 Nf6 2. Nf3 c5 3. e3 g6 4. Be2 Bg7 5. O-O cxd4 6. exd4 O-O 7. c3 d6 8.
Nbd2 Nc6 9. Nc4 Nd5 10. Re1 Bf5 11. Ne3 Nxe3 12. Bxe3 e5 13. dxe5 dxe5 14. Qxd8
Rfxd8 15. Bg5 f6 16. Be3 Be6 17. Nd2 Ne7 18. Nb3 b6 19. Rad1 Nd5 20. Bc1 Kf7
21. Bf3 Rac8 22. h3 f5 23. Be2 Bf6 24. Ba6 Rb8 25. Bf1 h5 26. Nd2 e4 27. Nb3
Ne7 28. Bf4 Ra8 29. Ba6 g5 30. Bc7 Rxd1 31. Rxd1 Nd5 32. Bc4 Nxc7 33. Rd7+ Ke8
34. Rxc7 Be5 35. Rc6 Bxc4 36. Rxc4 h4 37. Kf1 Rd8 38. Ke2 Ke7 39. Rc6 Bd6 40.
Rc4 Be5 41. Rc6 g4 42. hxg4 fxg4 43. Rh6 Bf6 44. Nd4 Kf7 45. Nf5 Bg5 46. Nd6+
Kg7 47. Nf5+ Kf7 48. Nd6+ Kg7 49. Nf5+ Kf7 50. Nd6+ 1/2-1/2

[Event "Open A"]
[Site "Panevezys"]
[Date "2008.08.17"]
[Round "8.3"]
[White "Rogule, Laura"]
[Black "Godlauskas, Kazys"]
[Result "1/2-1/2"]
[WhiteElo "2265"]
[BlackElo "2262"]
[PlyCount "66"]
[EventDate "2008.08.12"]

1. Nf3 Nf6 2. g3 b6 3. Bg2 Bb7 4. d3 g6 5. O-O Bg7 6. e4 d6 7. Bg5 Nbd7 8. Nc3
c5 9. Qe2 O-O 10. Qd2 Re8 11. Bh6 Bh8 12. h3 c4 13. Ng5 cxd3 14. cxd3 e5 15. f4
Nh5 16. fxe5 Nxe5 17. g4 f6 18. gxh5 fxg5 19. Bxg5 Qd7 20. hxg6 hxg6 21. Bf6
Bxf6 22. Rxf6 Kg7 23. Qg5 Qe7 24. Raf1 Rf8 25. R6f5 Qxg5 26. Rxg5 Rxf1+ 27.
Kxf1 Ba6 28. Nd5 Bxd3+ 29. Kg1 Bc4 30. Nc3 Rc8 31. Rg3 b5 32. Bf1 b4 33. Nb5
Bxf1 1/2-1/2

[Event "Open A"]
[Site "Panevezys"]
[Date "2008.08.17"]
[Round "8.4"]
[White "Klimciauskas, Domantas"]
[Black "Garnelis, Julius"]
[Result "1-0"]
[WhiteElo "2222"]
[BlackElo "2166"]
[PlyCount "45"]
[EventDate "2008.08.12"]

1. e4 c6 2. d4 d5 3. exd5 cxd5 4. c4 Nf6 5. Nc3 Nc6 6. Nf3 Bg4 7. cxd5 Nxd5 8.
Qb3 Nb6 9. Ne5 Be6 10. Qb5 Qxd4 11. Nxc6 bxc6 12. Qxc6+ Bd7 13. Qf3 e6 14. Be3
Qe5 15. O-O-O Rc8 16. Bxb6 axb6 17. Ba6 Rc7 18. Qa8+ Ke7 19. Kb1 Qf5+ 20. Ka1
g6 21. Qb8 Qc5 22. Nb5 Rc8 23. Rxd7+ 1-0

[Event "Open A"]
[Site "Panevezys"]
[Date "2008.08.17"]
[Round "8.5"]
[White "Malinin, Yuri"]
[Black "Limontas, Martynas"]
[Result "0-1"]
[WhiteElo "2353"]
[BlackElo "2275"]
[PlyCount "106"]
[EventDate "2008.08.12"]

1. Nf3 Nf6 2. c4 e6 3. Nc3 Bb4 4. Qc2 Nc6 5. a3 Bxc3 6. Qxc3 d6 7. d3 e5 8. e3
O-O 9. Be2 a5 10. b3 h6 11. O-O Bg4 12. Bb2 Re8 13. Rfe1 Qe7 14. h3 Bh5 15.
Rac1 Qf8 16. Qc2 g5 17. Kh1 Bg6 18. Nd2 Nd7 19. Qc3 Kh7 20. d4 f6 21. b4 Re7
22. d5 axb4 23. axb4 Nd8 24. c5 Nf7 25. e4 f5 26. exf5 Bxf5 27. Bd3 Nh8 28. Ne4
Rf7 29. Re3 Ng6 30. f3 Nf4 31. Bb1 Nxd5 32. Qd2 Nxe3 33. Qxe3 d5 34. Ng3 Bxb1
35. Rxb1 c6 36. Kh2 Qg7 37. Re1 Re8 38. Nh1 Qf6 39. Ng3 Qg6 40. Re2 Rf4 41. Qd2
h5 42. Nh1 e4 43. fxe4 Rexe4 44. Ng3 Rxe2 45. Nxe2 Rf8 46. Qd4 Re8 47. Ng3 Ne5
48. Nf1 Qe4 49. Qd1 Qf4+ 50. Kg1 g4 51. Qc2+ Qe4 52. Qf2 gxh3 53. Bxe5 Qxg2+
0-1

[Event "Open A"]
[Site "Panevezys"]
[Date "2008.08.17"]
[Round "8.8"]
[White "Narmontas, Raimondas"]
[Black "Gabrilavicius, Arunas"]
[Result "0-1"]
[WhiteElo "2148"]
[BlackElo "2123"]
[PlyCount "114"]
[EventDate "2008.08.12"]

1. e4 c6 2. d4 d5 3. e5 c5 4. dxc5 e6 5. Qg4 Qc7 6. Nf3 h5 7. Qg3 Nh6 8. Bxh6
Rxh6 9. Bd3 Nd7 10. b4 h4 11. Qg5 g6 12. Bb5 Rh5 13. Qf6 Rf5 14. Qh8 h3 15.
Nbd2 hxg2 16. Rg1 Ke7 17. Bxd7 Bxd7 18. Rxg2 a5 19. Rg4 axb4 20. Rxb4 Bc6 21.
Kf1 Kd7 22. Rab1 Rb8 23. Rg4 Bxc5 24. Qg7 Be7 25. Re1 Bb5+ 26. c4 Bxc4+ 27. Kg2
Bd3 28. Nd4 Qc3 29. N2f3 Be4 30. Re3 Qxd4 31. Rgxe4 Qxe4 32. Rxe4 dxe4 33. Nd2
Rf4 34. Kg3 g5 35. Qh7 Ra8 36. Nxe4 Ra3+ 37. Kg2 Rxa2 38. Nf6+ Bxf6 39. Qd3+
Kc8 40. Qc3+ Kb8 41. exf6 Raxf2+ 42. Kg1 Rxf6 43. Qe5+ Kc8 44. Qc5+ Kd8 45.
Qd6+ Ke8 46. Qb8+ Ke7 47. Qxb7+ Kf8 48. Qb8+ Kg7 49. Qe5 R2f4 50. Kg2 Kg6 51.
Qb8 Rf2+ 52. Kg1 Kh5 53. Qg8 Kg4 54. h3+ Kxh3 55. Qh7+ Kg3 56. Qd3+ R6f3 57.
Qd6+ Rf4 0-1

[Event "Open A"]
[Site "Panevezys"]
[Date "2008.08.17"]
[Round "8.9"]
[White "Savickas, Airidas"]
[Black "Grigaliunas, Sigitas"]
[Result "1-0"]
[WhiteElo "2351"]
[BlackElo "2113"]
[PlyCount "45"]
[EventDate "2008.08.12"]

1. e4 e5 2. Nf3 Nc6 3. Bb5 a6 4. Ba4 d6 5. O-O Nf6 6. Re1 Be7 7. c3 b5 8. Bc2
O-O 9. a3 h6 10. d4 Nh7 11. b4 Ng5 12. Nxg5 Bxg5 13. Bb2 f5 14. dxe5 dxe5 15.
a4 Be6 16. axb5 axb5 17. Rxa8 Qxa8 18. exf5 Bc4 19. Na3 Rd8 20. Qf3 Rd2 21. Bc1
Bd5 22. Be4 Nd4 23. Bxd5+ 1-0